00842cam a2200241 450000100060000000300080000600500170001400800410003103500230007203500190009504000320011404100080014608200290015410000290018324500590021226000340027130000350030550400390034065000320037994200120041199900170042395201600044013585BD-RjUL20211208235458.0140201s1967 nyua b 001 0 eng d a(OCoLC)ocm00565065 a(BD-RjUL)13637 aDLCcWSUdOCLdBD-RjULbeng aeng a621.38153216bCOT 19671 aCochrun, Basil L.94248410aTransistor circuit engineeringc[by] Basil L. Cochrun. aNew York :bMacmillan,cc1967 axiii, 445 p. :billus.c24 cm. aIncludes bibliographies and index. 0aTransistor circuits.939274 2ddccBK c13585d13585 00102ddc40718NFICaRUCLbRUCLcReadingd1970-11-11epanamouit prik crop,daccag69.75l0o621.38153 COT 1967r2014-02-01 00:00:00tC-1w2014-02-01yBK